000 00435nam a22001697a 4500
005 20240906095353.0
008 160613b xxu||||| |||| 00| 0 eng d
020 _a978-1-25906253-7
041 _aeng
082 _b612.02
100 _aLIPSCHUTZ, SEYMOUR AND LIPSON, MARC LARS
_98511
245 _aDISCRETE MATHEMATICS
260 _bMc Graw Hill
_c2006
_aNEW DELHI
300 _a15.27;P
650 _aMATHEMATICS
_98512
942 _cBK
999 _c2469
_d2468